[Event "GER-chT Seniors 26th"]
[Site "Templin"]
[Date "2017.09.30"]
[Round "6.2"]
[White "Walkewitz, Hubert"]
[Black "Kargoll, Peter"]
[Result "1-0"]
[WhiteElo "2134"]
[BlackElo "2163"]
[PlyCount "95"]
[EventDate "2017.09.25"]
[EventType "team-swiss"]
[EventRounds "7"]
[EventCountry "GER"]
[SourceTitle "EXT 2019"]
[Source "ChessBase"]
[SourceDate "2018.10.10"]
[SourceVersion "1"]
[SourceVersionDate "2018.10.10"]
[SourceQuality "1"]
[WhiteTeam "Brandenburg"]
[BlackTeam "Rheinland Pfalz"]
[WhiteTeamCountry "GER"]
[BlackTeamCountry "GER"]

1. f4 d5 2. Nf3 g6 3. e3 Bg7 4. d4 Nh6 5. Bd3 0-0 6. 0-0 Bf5 7. c4 c5 8. cxd5 Bxd3 9. Qxd3 cxd4 10. e4 e6 11. dxe6 fxe6 12. h3 Nc6 13. Qb3 Qd7 14. Na3 Kh8 15. Bd2 Rae8 16. Nc4 Ng8 17. e5 Nge7 18. Nd6 Rb8 19. Ng5 Nd5 20. Qg3 Kg8 21. Rac1 Bh6 22. Nge4 b6 23. Qh4 Bg7 24. Ng5 h6 25. Nxe6 Qxe6 26. Rxc6 g5 27. Qg3 gxf4 28. Qb3 Bxe5 29. Nc8 Qf7 30. Qxd5 Rbxc8 31. Qxf7+ Kxf7 32. Rxc8 Rxc8 33. Bxf4 Kf6 34. Bg3+ Ke6 35. Re1 Rc5 36. Kf2 Kd6 37. Rxe5 Rxe5 38. Kf3 h5 39. Bxe5+ Kxe5 40. g3 Kf5 41. a4 a6 42. b4 Ke5 43. g4 hxg4+ 44. hxg4 d3 45. Ke3 d2 46. Kxd2 Kf4 47. Kd3 Kxg4 48. Ke4 1-0

[Event "GER-chT Seniors 24th"]
[Site "Berlin"]
[Date "2015.09.09"]
[Round "4.4"]
[White "Walkewitz, Hubert"]
[Black "Meyer, Irmin"]
[Result "1/2-1/2"]
[WhiteElo "2140"]
[BlackElo "1991"]
[PlyCount "56"]
[EventDate "2015.09.06"]
[EventType "team-swiss"]
[EventRounds "7"]
[EventCountry "GER"]
[SourceTitle "EXT 2018"]
[Source "ChessBase"]
[SourceDate "2017.10.13"]
[SourceVersion "1"]
[SourceVersionDate "2017.10.13"]
[SourceQuality "1"]
[WhiteTeam "Brandenburg"]
[BlackTeam "Bremen"]
[WhiteTeamCountry "GER"]
[BlackTeamCountry "GER"]

1. d4 Nf6 2. Nf3 g6 3. Nc3 Bg7 4. e4 d6 5. Bf4 0-0 6. h3 Nbd7 7. e5 Ne8 8. Bc4 Nb6 9. Bb3 d5 10. Qd2 c6 11. Bh6 Nc7 12. Qf4 Ne6 13. Qh4 a5 14. a4 f6 15. Bxg7 Kxg7 16. 0-0-0 Qe8 17. exf6+ exf6 18. Rhe1 Qf7 19. Qg3 Bd7 20. Nh4 Kh8 21. f4 Ng7 22. Ne4 Nc8 23. Qf2 Nf5 24. g4 Nfd6 25. Ng3 Nb6 26. f5 g5 27. Nf3 Rfe8 28. Qd2 Nbc4 1/2-1/2

[Event "GER-chT Seniors 23rd"]
[Site "Bergen"]
[Date "2014.09.01"]
[Round "1.4"]
[White "Walkewitz, Hubert"]
[Black "Krueger, Gerhard"]
[Result "1/2-1/2"]
[WhiteElo "2180"]
[BlackElo "2018"]
[PlyCount "39"]
[EventDate "2014.09.01"]
[EventType "team-swiss"]
[EventRounds "7"]
[EventCountry "GER"]
[SourceTitle "EXT 2018"]
[Source "ChessBase"]
[SourceDate "2017.10.13"]
[SourceVersion "1"]
[SourceVersionDate "2017.10.13"]
[SourceQuality "1"]

1. d4 f5 2. Qd3 d6 3. e4 fxe4 4. Qxe4 Nf6 5. Qh4 Bf5 6. c3 e6 7. Bg5 Be7 8. Nd2 Nbd7 9. Bc4 d5 10. Be2 e5 11. dxe5 Nxe5 12. Ngf3 Ng6 13. Qa4+ Nd7 14. Be3 0-0 15. Qb5 Nb6 16. Nd4 Bd7 17. Qb3 Ne5 18. Qd1 Bg5 19. Nf1 Bxe3 20. Nxe3 1/2-1/2

[Event "GER-chT Seniors 21st"]
[Site "Berlin"]
[Date "2012.09.11"]
[Round "2.14"]
[White "Walkewitz, Hubert"]
[Black "Isserman, Ryhor"]
[Result "0-1"]
[WhiteElo "2054"]
[BlackElo "2273"]
[PlyCount "122"]
[EventDate "2012.09.10"]
[EventType "team-swiss"]
[EventRounds "7"]
[EventCountry "GER"]
[SourceTitle "CBM 150 Extra"]
[Source "ChessBase"]
[SourceDate "2012.10.19"]
[SourceVersion "1"]
[SourceVersionDate "2012.10.19"]
[SourceQuality "1"]
[WhiteTeam "Brandenburg"]
[BlackTeam "Hessen Seniors"]
[WhiteTeamCountry "GER"]
[BlackTeamCountry "GER"]

1. Nf3 c5 2. g3 g6 3. Bg2 Bg7 4. 0-0 Nc6 5. c4 d6 6. Nc3 e5 7. d3 Nge7 8. Bd2 0-0 9. Ne1 Be6 10. Nd5 Qd7 11. a3 Bh3 12. b4 Bxg2 13. Nxg2 f5 14. Rb1 Nd4 15. e3 Ne6 16. f4 Rae8 17. Nxe7+ Rxe7 18. Qc2 b6 19. Bc3 Rfe8 20. bxc5 Nxc5 21. Rfd1 Qc6 22. fxe5 dxe5 23. Ne1 f4 24. e4 fxg3 25. hxg3 Rf7 26. Ng2 Rf3 27. Be1 Ref8 28. Qe2 Ne6 29. Nh4 Nd4 30. Qg2 Re3 31. Rb2 g5 32. Bf2 Qa4 33. Rdd2 Nf3+ 34. Nxf3 Rexf3 35. c5 Qxa3 36. cxb6 axb6 37. Rxb6 Rxd3 38. Rxd3 Qxd3 39. Qh3 Qxe4 40. Qe6+ Kh8 41. Qb3 Qf3 42. Qxf3 Rxf3 43. Kg2 g4 44. Bc5 h5 45. Rb7 Kh7 46. Rb6 Rf6 47. Rxf6 Bxf6 48. Kf2 Kg6 49. Ke2 h4 50. gxh4 Bxh4 51. Ba7 Kf5 52. Bb6 Ke4 53. Ba7 Be7 54. Kf2 Bb4 55. Kg3 Kf5 56. Kf2 Bc3 57. Kg2 Bd4 58. Bb8 e4 59. Bc7 Be5 60. Bb6 Bf4 61. Bf2 e3 0-1

[Event "GER-chT Seniors 19th"]
[Site "Eckernfoerde"]
[Date "2010.09.19"]
[Round "7.2"]
[White "Schulze, Ulrich"]
[Black "Walkewitz, Hubert"]
[Result "1/2-1/2"]
[WhiteElo "2286"]
[BlackElo "2103"]
[PlyCount "31"]
[EventDate "2010.09.13"]
[EventType "team-swiss"]
[EventRounds "7"]
[EventCountry "GER"]
[SourceTitle "EXT 2011"]
[Source "ChessBase"]
[SourceDate "2010.11.26"]
[SourceVersion "1"]
[SourceVersionDate "2010.11.26"]
[SourceQuality "1"]
[WhiteTeam "Baden"]
[BlackTeam "Brandenburg"]
[WhiteTeamCountry "GER"]
[BlackTeamCountry "GER"]

1. Nf3 d5 2. d4 Nf6 3. c4 c6 4. cxd5 cxd5 5. Nc3 Nc6 6. Bf4 e6 7. e3 Be7 8. Ne5 0-0 9. Bd3 Qb6 10. a3 Nxe5 11. Bxe5 Bd7 12. Qe2 Rac8 13. 0-0 a6 14. g4 Ne8 15. Rfc1 g6 16. Bg3 1/2-1/2

[Event "GER-chT Seniors 18th"]
[Site "Finsterbergen"]
[Date "2009.09.17"]
[Round "6"]
[White "Schrems, Hermann"]
[Black "Walkewitz, Hubert"]
[Result "1/2-1/2"]
[WhiteElo "2174"]
[BlackElo "2203"]
[PlyCount "36"]
[EventDate "2009.09.12"]
[EventType "team-swiss"]
[EventRounds "7"]
[EventCountry "GER"]
[SourceTitle "CBM 132 Extra"]
[Source "ChessBase"]
[SourceDate "2009.11.03"]
[SourceVersion "1"]
[SourceVersionDate "2009.11.03"]
[SourceQuality "1"]

1. Nf3 d5 2. g3 Nf6 3. Bg2 Bf5 4. d3 c6 5. Nbd2 h6 6. c4 e6 7. a3 a5 8. 0-0 Be7 9. b3 0-0 10. Bb2 Na6 11. Ne5 Bh7 12. Kh1 Nc5 13. b4 Ncd7 14. b5 cxb5 15. cxb5 a4 16. Ndf3 Bd6 17. Qd2 Qa5 18. Bc3 Qxb5 1/2-1/2

[Event "GER-chT Seniors 18th"]
[Site "Finsterbergen"]
[Date "2009.09.14"]
[Round "3"]
[White "Walkewitz, Hubert"]
[Black "Hein, Manfred"]
[Result "1/2-1/2"]
[WhiteElo "2203"]
[BlackElo "2124"]
[PlyCount "81"]
[EventDate "2009.09.12"]
[EventType "team-swiss"]
[EventRounds "7"]
[EventCountry "GER"]
[SourceTitle "CBM 132 Extra"]
[Source "ChessBase"]
[SourceDate "2009.11.03"]
[SourceVersion "1"]
[SourceVersionDate "2009.11.03"]
[SourceQuality "1"]

1. d4 d5 2. Bf4 Nf6 3. e3 c6 4. c4 Bf5 5. Nc3 e6 6. Qb3 Qb6 7. c5 Qxb3 8. axb3 Nbd7 9. b4 Be7 10. b5 0-0 11. Nf3 cxb5 12. Bxb5 a6 13. Ba4 Rfc8 14. 0-0 b5 15. Bd1 Bd3 16. Re1 Ne4 17. Nxe4 dxe4 18. Ne5 Nxe5 19. Bxe5 Bc4 20. f3 f6 21. Bg3 f5 22. b4 Bd8 23. Bc2 exf3 24. gxf3 a5 25. bxa5 Bxa5 26. Reb1 Bc3 27. Rxa8 Rxa8 28. Bb3 Bxb3 29. Rxb3 b4 30. c6 Kf7 31. Bd6 Rc8 32. c7 Ke8 33. Kf2 Kd7 34. Bxb4 Bxb4 35. Rxb4 Rxc7 36. h4 Ke7 37. Rb8 Rc3 38. Rb7+ Kf6 39. Rb6 Kf7 40. Rb5 Rd3 41. Ke2 1/2-1/2

[Event "GER-chT Seniors 17th"]
[Site "Berlin"]
[Date "2008.09.01"]
[Round "2"]
[White "Escher, Helmut"]
[Black "Walkewitz, Hubert"]
[Result "1-0"]
[WhiteElo "2108"]
[BlackElo "2215"]
[PlyCount "105"]
[EventDate "2008.08.31"]
[EventType "team-swiss"]
[EventRounds "7"]
[EventCountry "GER"]
[SourceTitle "CBM 126 Extra"]
[Source "ChessBase"]
[SourceDate "2008.11.05"]
[SourceVersion "1"]
[SourceVersionDate "2008.11.05"]
[SourceQuality "1"]

1. d4 d5 2. Nf3 Nf6 3. c3 Bf5 4. Bf4 e6 5. e3 Be7 6. h3 0-0 7. Bd3 Bxd3 8. Qxd3 c5 9. Nbd2 Nc6 10. 0-0 Nh5 11. Bh2 c4 12. Qe2 f5 13. Ne5 Nxe5 14. dxe5 g6 15. Nf3 b5 16. b4 a5 17. a3 Qd7 18. Nd4 Ra6 19. Rfb1 Rfa8 20. Qb2 axb4 21. axb4 Ng7 22. Rxa6 Rxa6 23. Ra1 Qa7 24. Rxa6 Qxa6 25. Kf1 Ne8 26. Ke2 Nc7 27. f4 Na8 28. Bg3 Kf7 29. Be1 Bd8 30. Bd2 Bb6 31. Nc2 Qa4 32. Kd1 g5 33. Qa3 Ba7 34. Qxa4 bxa4 35. Kc1 gxf4 36. exf4 Bg1 37. Kb2 Nb6 38. Ka3 Ke7 39. Be3 Bxe3 40. Nxe3 d4 41. cxd4 c3 42. Nc2 h5 43. g3 Kd7 44. b5 Kc8 45. Kb4 Kc7 46. Kxc3 Nd5+ 47. Kc4 Kb6 48. h4 Nc7 49. Na3 Nd5 50. Nb1 Ne3+ 51. Kb4 Nf1 52. d5 exd5 53. e6 1-0

[Event "GER-chT Seniors 16th"]
[Site "Halle"]
[Date "2007.09.19"]
[Round "7.2"]
[White "Igney, Volkhard"]
[Black "Walkewitz, Hubert"]
[Result "1-0"]
[WhiteElo "2242"]
[BlackElo "2232"]
[PlyCount "61"]
[EventDate "2007.09.13"]
[EventType "team"]
[EventRounds "7"]
[EventCountry "GER"]
[SourceTitle "EXT 2008"]
[Source "ChessBase"]
[SourceDate "2007.11.25"]
[SourceVersion "1"]
[SourceVersionDate "2007.11.25"]
[SourceQuality "1"]

1. d4 f5 2. c4 Nf6 3. Nc3 g6 4. g3 Bg7 5. Bg2 d6 6. Nh3 c6 7. d5 c5 8. Nf4 Na6 9. h4 Nc7 10. h5 Kf7 11. h6 Bf8 12. Nh3 Rb8 13. a4 Ng4 14. Ng5+ Kg8 15. Nf3 e5 16. dxe6 Bxe6 17. Nd5 Bxd5 18. cxd5 Be7 19. Nh4 Kf7 20. e4 Re8 21. Kf1 Bxh4 22. Rxh4 Qf6 23. exf5 gxf5 24. Qc2 Qg6 25. Bf4 Rbd8 26. Rd1 Nf6 27. Bh3 Re4 28. f3 Rxf4 29. Rxf4 Ncxd5 30. Rxd5 Nxd5 31. Qc4 1-0

[Event "Bayern-ch Seniors 19th"]
[Site "Schloss Schney"]
[Date "2007.06.19"]
[Round "8"]
[White "Walkewitz, Hubert"]
[Black "Scheipl, Ralf"]
[Result "1/2-1/2"]
[WhiteElo "2139"]
[BlackElo "2207"]
[PlyCount "20"]
[EventDate "2007.06.12"]
[EventType "swiss"]
[EventRounds "9"]
[EventCountry "GER"]
[SourceTitle "EXT 2008"]
[Source "ChessBase"]
[SourceDate "2007.11.25"]
[SourceVersion "1"]
[SourceVersionDate "2007.11.25"]
[SourceQuality "1"]

1. d4 c5 2. c3 e6 3. Nf3 Nc6 4. e3 Nf6 5. Bd3 d5 6. 0-0 Be7 7. Nbd2 0-0 8. dxc5 Bxc5 9. e4 Qc7 10. Qe2 Bd6 1/2-1/2

[Event "GER-chT Seniors 15th"]
[Site "Bad Blankenburg"]
[Date "2006.09.03"]
[Round "1.1"]
[White "Reznikov, Emmanouil"]
[Black "Walkewitz, Hubert"]
[Result "1/2-1/2"]
[WhiteElo "2123"]
[BlackElo "2263"]
[PlyCount "79"]
[EventDate "2006.09.03"]
[EventType "team-swiss"]
[EventRounds "7"]
[EventCountry "GER"]
[SourceTitle "CBM 114 Extra"]
[Source "ChessBase"]
[SourceDate "2006.11.03"]
[SourceVersion "1"]
[SourceVersionDate "2006.11.03"]
[SourceQuality "1"]

1. e4 d5 2. exd5 Qxd5 3. Nc3 Qd6 4. d4 a6 5. Nge2 Nf6 6. Bf4 Qd8 7. f3 e6 8. a3 b5 9. Qd3 Bb7 10. Bg3 Nbd7 11. Rd1 Nb6 12. Qe3 Nc4 13. Qc1 Bd6 14. Nf4 0-0 15. Bxc4 bxc4 16. 0-0 Rb8 17. Rfe1 Qc8 18. Ne4 Bxe4 19. fxe4 Bxf4 20. Bxf4 Qb7 21. Qe3 Qxb2 22. Bxc7 Rb5 23. Re2 Rc8 24. Bd6 Qa2 25. Qc3 Qb2 26. Qf3 Rd8 27. c3 Qb3 28. Rf1 Rxd6 29. e5 Rd8 30. exf6 Rf5 31. Qg3 Rxf1+ 32. Kxf1 Qb1+ 33. Re1 Qd3+ 34. Qxd3 cxd3 35. Rd1 gxf6 36. Rxd3 Rc8 37. Ke2 Rc4 38. Rg3+ Kf8 39. Kd3 Ra4 40. Rh3 1/2-1/2

[Event "Bayern-ch Seniors 18th"]
[Site "Schloss Schney"]
[Date "2006.07.01"]
[Round "7"]
[White "Hein, Manfred"]
[Black "Walkewitz, Hubert"]
[Result "1/2-1/2"]
[WhiteElo "2021"]
[BlackElo "2182"]
[PlyCount "32"]
[EventDate "2006.06.25"]
[EventType "swiss"]
[EventRounds "9"]
[EventCountry "GER"]
[SourceTitle "EXT 2007"]
[Source "ChessBase"]
[SourceDate "2006.11.23"]
[SourceVersion "1"]
[SourceVersionDate "2006.11.23"]
[SourceQuality "1"]

1. d4 d5 2. Bf4 Nf6 3. h3 e6 4. Nf3 Bd6 5. Bxd6 Qxd6 6. c3 Nbd7 7. e3 0-0 8. Bd3 e5 9. dxe5 Nxe5 10. Nxe5 Qxe5 11. Nd2 c5 12. 0-0 b6 13. Nf3 Qh5 14. Nh2 Qxd1 15. Rfxd1 c4 16. Bc2 b5 1/2-1/2